000 00517nam a2200181Ia 4500
003 GCL
008 140319s9999 xx 000 0 ara d
040 _aGCL /
_cGCL
082 0 4 _a327.12
_bم ا
100 1 _aمودجوريان, ل. ا
245 1 0 _aالارهاب اكاذيب وحقائق /
_cمودجوريان, ل. ا
700 1 _aعبدالرحيم المقداد
300 _a280 ص
490 _a100 قصة
_v0
650 0 4 _aالارهاب
650 0 4 _aالجرائم الدولية
942 _2ddc
_cBK
999 _c43923
_d43923